Exploraciones geológicas y oceanográficas /
Guardado en:
| Autor Principal: | |
|---|---|
| Formato: | |
| Materias: | |
| Etiquetas: |
Agregar Etiqueta
Sin Etiquetas, Sea el primero en etiquetar este registro!
|
| LEADER | 01125ngm a22003015g 4500 | ||
|---|---|---|---|
| 001 | CEM.cems022003 | ||
| 008 | 130507b1993##################0###0#####d | ||
| 005 | 20240924173808.0 | ||
| 245 | 1 | 0 | |a Exploraciones geológicas y oceanográficas / |c Robe Ackerman. |
| 300 | |a 23'. | ||
| 500 | |a En soporte VHS, consultar en ventanilla. | ||
| 505 | 0 | |a El plancton. Capas de la tierra. Exploraciones de las profundidades marinas. Cadenas alimenticias iniciadas por el plancton. Polución del mar. Propiedades de las algas. Especies marinas. Preservación del medio ambiente marino. | |
| 538 | |a Soporte: VHS - Norma: Pal N - Color - Grabación DRD 1993 - Hitachi=3627 | ||
| 100 | 1 | |a Ackerman, Robe | |
| 082 | 5 | 5 | |/ NAT |
| 653 | |a OCEANOGRAFIA | ||
| 653 | |a GEOLOGIA | ||
| 653 | |a BIOLOGIA MARINA | ||
| 653 | |a PLANCTON | ||
| 653 | |a ALGAS | ||
| 653 | |a ESPECIES MARINAS | ||
| 653 | |a MAR | ||
| 653 | |a POLUCION DEL MAR | ||
| 653 | |a MEDIO AMBIENTE MARINO | ||
| 653 | |a EXPLORACIONES MARINAS | ||
| 653 | |a NIVEL PRIMARIO | ||
| 653 | |a NIVEL SECUNDARIO | ||
| 859 | |a CEMS |b BIB. CEMS - Depto. Recursos Didacticos |h 550 |i NAT |k DRD |p 646.12 |t Ej.1 | ||
